[Event "Abu Dhabi op 24th"]
[Site "Abu Dhabi"]
[Date "2017.08.21"]
[Round "8"]
[White "Arshavskij, Viktor"]
[Black "Pratyusha, Bodda"]
[Result "0-1"]
[WhiteElo "2141"]
[BlackElo "2171"]
[PlyCount "48"]
[EventDate "2017.08.14"]
[EventType "swiss"]
[EventRounds "9"]
[EventCountry "UAE"]
[SourceTitle "CBM 180 Extra"]
[Source "ChessBase"]
[SourceDate "2017.10.06"]
[SourceVersion "1"]
[SourceVersionDate "2017.10.06"]
[SourceQuality "1"]

1. d4 Nf6 2. Bf4 e6 3. e3 d5 4. Nf3 c5 5. c3 Nc6 6. Bd3 Bd6 7. Bg3 0-0 8. Nbd2 b6 9. e4 Be7 10. e5 Nd7 11. h4 h6 12. Ng5 cxd4 13. cxd4 Nb4 14. Bh7+ Kh8 15. Qh5 Bxg5 16. hxg5 Kxh7 17. Nf3 Ba6 18. gxh6 g6 19. Ng5+ Kh8 20. Nxf7+ Rxf7 21. Qxg6 Qg8 22. Qxe6 Qh7 23. Rd1 Qe4+ 24. Kd2 Qd3+ 0-1

[Event "Abu Dhabi op 24th"]
[Site "Abu Dhabi"]
[Date "2017.08.14"]
[Round "1"]
[White "Arshavskij, Viktor"]
[Black "Nguyen, Anh Khoi"]
[Result "0-1"]
[WhiteElo "2141"]
[BlackElo "2444"]
[PlyCount "32"]
[EventDate "2017.08.14"]
[EventType "swiss"]
[EventRounds "9"]
[EventCountry "UAE"]
[SourceTitle "CBM 180 Extra"]
[Source "ChessBase"]
[SourceDate "2017.10.06"]
[SourceVersion "1"]
[SourceVersionDate "2017.10.06"]
[SourceQuality "1"]

1. e4 c5 2. d4 cxd4 3. c3 dxc3 4. Nxc3 Nc6 5. Nf3 d6 6. Bc4 Nf6 7. Bg5 a6 8. 0-0 Bg4 9. Qb3 e6 10. Qxb7 Na5 11. Qb4 Nxc4 12. Qxc4 Qc8 13. Qa4+ Qd7 14. Nd4 Qxa4 15. Nxa4 Nxe4 16. Be3 Nc5 0-1